Engineering mathematics paper 1 / (Record no. 13465)
[ view plain ]
| 000 -LEADER | |
|---|---|
| fixed length control field | 00450cam a2200181ua 4500 |
| 041 ## - LANGUAGE CODE | |
| Language code of text/sound track or separate title | eng |
| 082 ## - DEWEY DECIMAL CLASSIFICATION NUMBER | |
| Classification number | 519.062 |
| Item number | JOS/EN |
| 100 ## - MAIN ENTRY--AUTHOR NAME | |
| Personal name | Joseph, Joymon . |
| 245 ## - TITLE STATEMENT | |
| Title | Engineering mathematics paper 1 / |
| 250 ## - EDITION STATEMENT | |
| Edition statement | 3 / |
| 260 ## - PUBLICATION, DISTRIBUTION, ETC. (IMPRINT) | |
| Place of publication | Calicut : |
| Name of publisher | University of Calicut , |
| Year of publication | 2007. |
| 300 ## - PHYSICAL DESCRIPTION | |
| Number of Pages | ; . |
| 942 ## - ADDED ENTRY ELEMENTS (KOHA) | |
| Koha item type | Books |
| Withdrawn status | Lost status | Damaged status | Home library | Current library | Shelving location | Date acquired | Full call number | Accession Number | Koha item type |
|---|---|---|---|---|---|---|---|---|---|
| KAUAET | KAUAET | Scheme | 07/04/2012 | 519.062 JOY/EN | 22131 | Book Bank scheme for SC students |
